| 000 | 00450nam a2200193Ia 4500 | ||
|---|---|---|---|
| 999 |
_c47121 _d47121 |
||
| 001 | 13979 | ||
| 003 | GE_BSU | ||
| 005 | 20221118152141.0 | ||
| 008 | 181216s1993||||enk|||||||||||||| ||eng|| | ||
| 020 | _a0276428048x | ||
| 040 | _cGE_BSU | ||
| 041 | _aeng | ||
| 080 | _a689 R-30 | ||
| 245 |
_aReader's digect complete / _bDiy.Manual. |
||
| 250 | _aUpdated edition. | ||
| 264 |
_aLondon: _c1994 |
||
| 300 |
_a511p.; _bill. _c30 cm. |
||
| 942 |
_cBK _2udc |
||